000 00300nam a2200133Ia 4500
005 20251222155142.0
008 251222s9999||||xx |||||||||||||| ||spa||
082 _aENC. 01.15
100 _aUniversitas
245 0 _aMedios de Comunicación
250 _a1ra. ed.
264 _bSalvat
942 _cLIB
999 _c39213
_d39213